Le problème du change en Espagne / (Record no. 166235)

MARC details
000 -LEADER
campo de control de longitud fija 00684nam a2200205 i 4500
001 - NÚMERO DE CONTROL
campo de control 166235
003 - IDENTIFICADOR DE NÚMERO DE CONTROL
campo de control ES-MaACL
005 - FECHA Y HORA DE LA ÚLTIMA TRANSACCIÓN
campo de control 20230906213306.0
008 - DATOS DE LONGITUD FIJA--INFORMACIÓN GENERAL
campo de control de longitud fija 010912s1901 fr |||| | fre d
100 1# - ENTRADA PRINCIPAL--NOMBRE DE PERSONA
Nombre de persona Thèry, Edmond.
9 (RLIN) 109907
245 13 - MENCIÓN DEL TÍTULO
Título Le problème du change en Espagne /
Mención de responsabilidad, etc. par Edmond Théry.
260 ## - PUBLICACIÓN, DISTRIBUCIÓN, ETC.
Lugar de publicación, distribución, etc. Paris :
Nombre del editor, distribuidor, etc. Économiste Européen,
Fecha de publicación, distribución, etc. 1901 (
Fabricante Simart)
300 ## - DESCRIPCIÓN FÍSICA
Extensión 101 p. ;
Dimensiones 19 cm.
490 1# - MENCIÓN DE SERIE
Mención de serie Études Économiques et Financières
651 #4 - PUNTO DE ACCESO ADICIONAL DE MATERIA--NOMBRE GEOGRÁFICO
Nombre geográfico España-
Subdivisión general Situación económica-
Subdivisión cronológica S.XIX.
9 (RLIN) 8504
752 ## - ENTRADA AGREGADA--NOMBRE JERÁRQUICO DEL LUGAR
País o entidad superior Francia -
Ciudad París
830 0# - PUNTO DE ACCESO ADICIONAL DE SERIE-TÍTULO UNIFORME
Título uniforme Études Économiques et Financières
9 (RLIN) 188612
852 ## - LOCALIZACIÓN
Ubicación ES-MaACL
Número de control de estantería B-13473
Nota libre - Enc. hol.
Holdings
Estatus retirado Estado de pérdida Estado de daño No para préstamo Biblioteca de origen Biblioteca actual Ubicación en estantería Fecha de adquisición Fuente de adquisición Total de préstamos Signatura topográfica completa Código de barras Visto por última vez Precio de reemplazo Tipo de ítem Koha
        Biblioteca del Ateneo de Madrid Biblioteca del Ateneo de Madrid Sala Pardo Bazán 17/01/2008     B-13473 1174335 23/02/2023 23/02/2023 Libro impreso antiguo